[Event "XIV Torneio Int. da Figueira da Foz"]
[Site "Figueira da Foz POR"]
[Date "2020.10.26"]
[Round "4.3"]
[White "Dias, Paulo"]
[Black "Martín Duque, Jesus"]
[Result "1/2-1/2"]
[WhiteElo "2338"]
[BlackElo "2426"]
[WhiteFideId "1900803"]
[BlackFideId "2208954"]
[WhiteTitle "IM"]
[BlackTitle "IM"]
[WhiteCountry "POR"]
[BlackCountry "ESP"]
[PlyCount "60"]

1. d4 Nf6 2. c4 b6 3. Nc3 Bb7 4. Nf3 e6 5. Bg5 h6 6. Bh4 Be7 7. e3 O-O 8. Bd3 c5
9. O-O Nc6 10. Rc1 cxd4 11. exd4 d5 12. cxd5 Nxd5 13. Bg3 Rc8 14. Re1 Na5 15.
Qe2 Nxc3 16. bxc3 Bd6 17. Ne5 Qc7 18. Qh5 f5 19. c4 Nc6 20. Nxc6 Bxg3 21. d5
Bxc6 22. hxg3 Be8 23. Qf3 e5 24. Bxf5 Bd7 25. g4 g6 26. d6 Qc5 27. Qb7 Rcd8 28.
Bxd7 Qxf2+ 29. Kh1 Qh4+ 30. Kg1 Qf2+ 1/2-1/2

[Event "XIV Torneio Int. da Figueira da Foz"]
[Site "Figueira da Foz POR"]
[Date "2020.10.26"]
[Round "4.4"]
[White "Djuric, Stefan"]
[Black "Santos, José Gulherme"]
[Result "1/2-1/2"]
[WhiteElo "2358"]
[BlackElo "2229"]
[WhiteFideId "900133"]
[BlackFideId "1939300"]
[WhiteTitle "GM"]
[WhiteCountry "SRB"]
[BlackCountry "POR"]
[PlyCount "70"]

1. d4 Nf6 2. c4 e6 3. Nf3 Bb4+ 4. Bd2 Qe7 5. g3 b6 6. Bg2 Bb7 7. O-O Bxd2 8.
Qxd2 O-O 9. Nc3 d5 10. cxd5 exd5 11. Rac1 Nbd7 12. Qf4 c6 13. a3 Rfe8 14. Rfe1
a6 15. Nh4 g6 16. e4 dxe4 17. Nxe4 Nd5 18. Qd2 Qf8 19. Nc3 Nxc3 20. Qxc3 Rxe1+
21. Rxe1 Qd6 22. Qb3 Rb8 23. Nf3 Qf6 24. Qe3 c5 25. Ne5 Nxe5 26. dxe5 Qe6 27.
Bxb7 Rxb7 28. Qd3 b5 29. h4 h5 30. Qc3 c4 31. Rd1 Re7 32. Rd8+ Kh7 33. f4 Rd7
34. Rxd7 Qxd7 35. Kf2 Qd1 1/2-1/2

[Event "XIV Torneio Int. da Figueira da Foz"]
[Site "Figueira da Foz POR"]
[Date "2020.10.26"]
[Round "4.5"]
[White "Tadevosyan, Aspet"]
[Black "Grigoryan, Karen H"]
[Result "0-1"]
[WhiteElo "2136"]
[BlackElo "2658"]
[WhiteFideId "24526134"]
[BlackFideId "13301004"]
[BlackTitle "GM"]
[WhiteCountry "ESP"]
[BlackCountry "ARM"]
[PlyCount "56"]

1. d4 Nf6 2. c4 g6 3. Nc3 d5 4. Bf4 Bg7 5. e3 O-O 6. Rc1 c5 7. dxc5 Be6 8. Nf3
Nc6 9. Ng5 Qa5 10. Be2 Rad8 11. Nxe6 fxe6 12. O-O d4 13. Nb5 dxe3 14. Qb3 exf2+
15. Rxf2 e5 16. Be3 Rd7 17. Qa3 Qxa3 18. Nxa3 Nd4 19. Nb5 Nf5 20. Rf3 Nxe3 21.
Rxe3 Bh6 22. Rcc3 Bxe3+ 23. Rxe3 e4 24. Nxa7 Ra8 25. c6 bxc6 26. Nxc6 Rxa2 27.
b4 Rdd2 28. Bf1 Ra1 0-1

[Event "XIV Torneio Int. da Figueira da Foz"]
[Site "Figueira da Foz POR"]
[Date "2020.10.26"]
[Round "4.6"]
[White "Santos, António P"]
[Black "Taboas Rodriguez, Daniel"]
[Result "1/2-1/2"]
[WhiteElo "2123"]
[BlackElo "2365"]
[WhiteFideId "1900161"]
[BlackFideId "2208466"]
[WhiteTitle "FM"]
[BlackTitle "FM"]
[WhiteCountry "POR"]
[BlackCountry "ESP"]
[PlyCount "57"]

1. d4 Nf6 2. c4 g6 3. Nc3 Bg7 4. e4 d6 5. Be2 O-O 6. Bg5 Nbd7 7. Nf3 e5 8. d5 h6
9. Bh4 g5 10. Bg3 Nh5 11. h4 g4 12. Nh2 Nxg3 13. fxg3 h5 14. O-O Nc5 15. b4 Na6
16. a3 f5 17. exf5 Bxf5 18. Rc1 Bh6 19. Rxf5 Rxf5 20. Bxg4 hxg4 21. Qxg4+ Kh8
22. Qxf5 Bxc1 23. Qh5+ Kg7 24. Qg4+ Kf8 25. Qf5+ Kg7 26. Qg4+ Kh7 27. Qh5+ Kg7
28. Qg4+ Kh8 29. Qh5+ 1/2-1/2

[Event "XIV Torneio Int. da Figueira da Foz"]
[Site "Figueira da Foz POR"]
[Date "2020.10.26"]
[Round "4.7"]
[White "Pintor, Simão"]
[Black "Löffner, Stefan"]
[Result "1/2-1/2"]
[WhiteElo "2115"]
[BlackElo "2352"]
[WhiteFideId "1904787"]
[BlackFideId "4603257"]
[BlackTitle "IM"]
[WhiteCountry "POR"]
[BlackCountry "GER"]
[PlyCount "119"]

1. Nf3 c5 2. c4 g6 3. g3 b6 4. Bg2 Bb7 5. Nc3 Bg7 6. O-O Nc6 7. e3 Nh6 8. d4 Nf5
9. d5 Na5 10. Qd3 Nd6 11. b3 b5 12. cxb5 a6 13. b6 Qxb6 14. Rb1 O-O 15. Na4 Qb5
16. Rd1 c4 17. Qc2 cxb3 18. axb3 Rac8 19. Qd3 f5 20. Nd4 Qxd3 21. Rxd3 Ne4 22.
f3 Bxd4 23. fxe4 fxe4 24. Bxe4 Be5 25. Bd2 Bc7 26. Rc3 Bd8 27. Nc5 Bb6 28. Nxd7
Rxc3 29. Bxc3 Bxe3+ 30. Kh1 Rd8 31. Re1 Rxd7 32. Rxe3 Nxb3 33. Bb4 Nd4 34. Bc5
e5 35. dxe6 Nxe6 36. Bxb7 Nxc5 37. Bc8 Rc7 38. Bg4 a5 39. Re8+ Kg7 40. Ra8 Ne4
41. Be6 Rc5 42. Bb3 g5 43. Kg2 h5 44. h3 Rb5 45. Ba4 Rf5 46. Ra7+ Kf6 47. Ra6+
Ke7 48. Bc6 Nf6 49. Bf3 Rc5 50. Kf2 Rc2+ 51. Ke3 Rc3+ 52. Kf2 Ra3 53. g4 h4 54.
Ra7+ Kf8 55. Rb7 Ra2+ 56. Ke3 Rh2 57. Rb5 Nh7 58. Rb8+ Kg7 59. Rb7+ Kh6 60. Rb6+
1/2-1/2

[Event "XIV Torneio Int. da Figueira da Foz"]
[Site "Figueira da Foz POR"]
[Date "2020.10.26"]
[Round "4.8"]
[White "Varela La Madrid, Tilsia"]
[Black "Antolak, Julia"]
[Result "0-1"]
[WhiteElo "2060"]
[BlackElo "2313"]
[WhiteFideId "3903001"]
[BlackFideId "1159569"]
[WhiteTitle "WIM"]
[BlackTitle "WIM"]
[WhiteCountry "VEN"]
[BlackCountry "POL"]
[PlyCount "106"]

1. e4 c6 2. d4 d5 3. Nc3 g6 4. Nf3 Bg4 5. Be2 Bg7 6. exd5 cxd5 7. h3 Bxf3 8.
Bxf3 e6 9. O-O Nc6 10. Ne2 Nge7 11. c3 O-O 12. h4 b5 13. h5 b4 14. g3 Rc8 15.
hxg6 hxg6 16. Bf4 Nf5 17. Kg2 Nd6 18. Rh1 bxc3 19. bxc3 Re8 20. Qg1 e5 21. dxe5
Nxe5 22. Bxe5 Rxe5 23. Qh2 Qe8 24. Qh7+ Kf8 25. Nf4 Ne4 26. Bxe4 dxe4 27. Ne2
Qb5 28. Qh3 Rce8 29. Rhe1 Qd3 30. Qg4 Rf5 31. Nf4 Qxc3 32. Rac1 Qa3 33. Rc7 Qxa2
34. Re2 Qa3 35. Re3 Qa5 36. Rd7 Kg8 37. Qe2 Qa4 38. Rd1 Bh6 39. Rh1 Bg7 40. Re1
Rfe5 41. Rh1 a5 42. Qa6 Qb5 43. Qd6 Rg5 44. Qa3 a4 45. Rd1 Bb2 46. Qa2 a3 47.
Rd6 Kg7 48. Rb3 Qe5 49. Rb7 Qxf4 50. Kf1 Qf3 51. Rdd7 Rf5 52. Rxb2 axb2 53.
Qxb2+ Kg8 0-1

[Event "XIV Torneio Int. da Figueira da Foz"]
[Site "Figueira da Foz POR"]
[Date "2020.10.26"]
[Round "4.9"]
[White "Stella, Andrea"]
[Black "Movsisyan, Tigran"]
[Result "1-0"]
[WhiteElo "2457"]
[BlackElo "1730"]
[WhiteFideId "827061"]
[BlackFideId "24581364"]
[WhiteTitle "GM"]
[WhiteCountry "ITA"]
[BlackCountry "ESP"]
[PlyCount "79"]

1. d4 d5 2. c4 e6 3. Nc3 Be7 4. Nf3 Nf6 5. Bf4 c6 6. e3 O-O 7. h3 Re8 8. Qc2 a6
9. a3 h6 10. c5 b6 11. cxb6 Qxb6 12. Na4 Qd8 13. Bd3 Bd6 14. Bxd6 Qxd6 15. Ne5
a5 16. O-O Ba6 17. Bxa6 Rxa6 18. Nc5 Rb6 19. Rfc1 Rc8 20. Qc3 Nbd7 21. Rab1 Rb5
22. Ncxd7 Nxd7 23. Nxc6 Kf8 24. Qd3 Rb6 25. Nxa5 Rxc1+ 26. Rxc1 Rxb2 27. Qc3 Rb8
28. Nb7 Qb6 29. Nc5 Nf6 30. a4 Ra8 31. Ra1 Ra5 32. Nb3 Ra8 33. a5 Qa7 34. Nc5
Nd7 35. Nxd7+ Qxd7 36. a6 Qd6 37. a7 Qd7 38. Qb4+ Ke8 39. Qb8+ Qd8 40. Rb1 1-0

[Event "XIV Torneio Int. da Figueira da Foz"]
[Site "Figueira da Foz POR"]
[Date "2020.10.26"]
[Round "4.10"]
[White "Dantas, Carlos"]
[Black "Alshameary Puente, Ismael"]
[Result "0-1"]
[WhiteElo "2126"]
[BlackElo "2373"]
[WhiteFideId "1900757"]
[BlackFideId "2225166"]
[BlackTitle "IM"]
[WhiteCountry "POR"]
[BlackCountry "ESP"]
[PlyCount "56"]

1. e4 c5 2. Nc3 Nc6 3. g3 g6 4. Bg2 Bg7 5. d3 d6 6. Nge2 Nf6 7. O-O O-O 8. h3
Bd7 9. Be3 Rb8 10. Qd2 b5 11. Kh2 b4 12. Nd1 c4 13. d4 Qc8 14. f4 e6 15. Nf2 Rd8
16. d5 exd5 17. exd5 c3 18. bxc3 bxc3 19. Qd1 Ne7 20. Bxa7 Rb4 21. Bd4 Nf5 22.
Bxc3 Ne3 23. Bxb4 Nxd1 24. Raxd1 Qc4 25. Nd3 Nxd5 26. Bxd5 Qxd5 27. Rf2 Re8 28.
c3 Qh5 0-1

[Event "XIV Torneio Int. da Figueira da Foz"]
[Site "Figueira da Foz POR"]
[Date "2020.10.26"]
[Round "4.11"]
[White "Röttgen, Jürgen"]
[Black "Fernandes, Miguel"]
[Result "0-1"]
[WhiteElo "2099"]
[BlackElo "2139"]
[WhiteFideId "4629868"]
[BlackFideId "1920456"]
[WhiteCountry "GER"]
[BlackCountry "POR"]
[PlyCount "82"]

1. c4 e5 2. Nc3 Nc6 3. Nf3 d6 4. g3 g6 5. Bg2 Bg7 6. O-O Nf6 7. d4 O-O 8. d5 Ne7
9. e4 Nd7 10. Be3 f5 11. Ng5 Nf6 12. exf5 gxf5 13. f4 Ng4 14. Qd2 Nxe3 15. Qxe3
e4 16. Rae1 Rf6 17. Re2 h6 18. Nh3 Rg6 19. Rd1 c5 20. dxc6 bxc6 21. Red2 Qc7 22.
Kh1 Ba6 23. Bf1 Rd8 24. c5 Bxf1 25. cxd6 Rgxd6 26. Rxd6 Rxd6 27. Rxf1 Nd5 28.
Qc5 Nxc3 29. bxc3 Rd5 30. Qc4 Kh7 31. Ng1 Qd7 32. Rb1 Rd3 33. Ne2 Kg6 34. Nd4
Bxd4 35. cxd4 Qd5 36. Rb4 Kh5 37. Qxd5 cxd5 38. Ra4 Kg4 39. Kg2 Rd2+ 40. Kf1 Kf3
41. Ke1 Rxh2 0-1

[Event "XIV Torneio Int. da Figueira da Foz"]
[Site "Figueira da Foz POR"]
[Date "2020.10.26"]
[Round "4.12"]
[White "Margarido, José"]
[Black "Pipiras, Filipa"]
[Result "1/2-1/2"]
[WhiteElo "2138"]
[BlackElo "1912"]
[WhiteFideId "1914227"]
[BlackFideId "1944894"]
[WhiteCountry "POR"]
[BlackCountry "POR"]
[PlyCount "73"]

1. e4 c6 2. Nc3 d5 3. Nf3 dxe4 4. Nxe4 Nf6 5. Nxf6+ gxf6 6. g3 Qd5 7. Qe2 Na6 8.
Bg2 Nc7 9. a3 Qe6 10. d4 Qxe2+ 11. Kxe2 h5 12. Re1 Bh6 13. Bxh6 Rxh6 14. Rad1
Bg4 15. h3 Bxf3+ 16. Kxf3 e6 17. h4 O-O-O 18. Ke2 f5 19. Bf3 Nd5 20. c4 Nf6 21.
Rd3 Rhh8 22. Red1 Rd7 23. b4 Kb8 24. a4 Rc8 25. a5 Rcc7 26. R1d2 Kc8 27. Ke3 Kd8
28. Kf4 Ke7 29. Re2 Rd8 30. Rb2 Rcd7 31. Rbd2 Rc7 32. Ke3 Rd6 33. Kf4 Rd8 34.
Ke3 Rd6 35. Kf4 Rd8 36. Ke3 Rd6 37. Kf4 1/2-1/2

[Event "XIV Torneio Int. da Figueira da Foz"]
[Site "Figueira da Foz POR"]
[Date "2020.10.26"]
[Round "4.13"]
[White "Fernandes, João Pedro"]
[Black "Silva, Pedro Gil"]
[Result "1/2-1/2"]
[WhiteElo "2084"]
[BlackElo "2034"]
[WhiteFideId "1926624"]
[BlackFideId "1946102"]
[WhiteCountry "POR"]
[BlackCountry "POR"]
[PlyCount "75"]

1. e4 c6 2. d4 d5 3. e5 c5 4. dxc5 e6 5. Nf3 Bxc5 6. Bd3 Ne7 7. O-O Nbc6 8. Nbd2
Ng6 9. Nb3 Bb6 10. Re1 O-O 11. Be3 Bxe3 12. Rxe3 Qc7 13. Bxg6 hxg6 14. c3 f6 15.
Qe2 Bd7 16. Nbd4 Rae8 17. Re1 a6 18. Qd3 Nxe5 19. Nxe5 fxe5 20. Rxe5 Rf6 21.
R1e2 Qb6 22. h4 Qd6 23. Qe3 b5 24. a3 a5 25. h5 gxh5 26. Rxh5 Qf4 27. Qxf4 Rxf4
28. Rhe5 Kf7 29. g3 Rf6 30. Nb3 b4 31. axb4 axb4 32. Nd4 bxc3 33. bxc3 Rc8 34.
R2e3 Rb8 35. Kg2 Rb6 36. Nf3 Bb5 37. Nd4 Bc4 38. Nf3 1/2-1/2

[Event "XIV Torneio Int. da Figueira da Foz"]
[Site "Figueira da Foz POR"]
[Date "2020.10.26"]
[Round "4.14"]
[White "Torres Dominguez, David"]
[Black "Soares, Sara"]
[Result "1-0"]
[WhiteElo "2029"]
[BlackElo "1654"]
[WhiteFideId "2220857"]
[BlackFideId "1948172"]
[WhiteCountry "ESP"]
[BlackCountry "POR"]
[PlyCount "137"]

1. e4 c5 2. Nc3 g6 3. f4 d6 4. Nf3 Nc6 5. Bc4 Bg7 6. O-O Nd4 7. d3 Nh6 8. Nxd4
Bxd4+ 9. Kh1 O-O 10. f5 Bg7 11. h3 Kh8 12. fxg6 fxg6 13. Bg5 Ng8 14. Qd2 Nf6 15.
Bh6 e6 16. Bb3 Bd7 17. Bxg7+ Kxg7 18. e5 Nh5 19. Rxf8 Qxf8 20. exd6 Ng3+ 21. Kg1
Qxd6 22. Re1 Rf8 23. Qe3 b6 24. Ne4 Nxe4 25. Qxe4 Re8 26. c3 Bc6 27. Qe3 Bd5 28.
Ba4 Re7 29. a3 a6 30. Bd1 Bb7 31. Rf1 Re8 32. Bf3 Bxf3 33. Qxf3 Qe7 34. Qc6 Rb8
35. Re1 e5 36. d4 cxd4 37. cxd4 Rf8 38. dxe5 b5 39. b4 Qh4 40. Qc7+ Rf7 41. Qc3
Re7 42. e6+ Kg8 43. Qe5 Qc4 44. Qd6 Re8 45. Qd7 Qc8 46. Qf7+ Kh8 47. e7 Qb8 48.
Kh1 Qc8 49. Rf1 Qa8 50. Qf8+ Rxf8 51. exf8=Q+ Qxf8 52. Rxf8+ Kg7 53. Ra8 g5 54.
Rxa6 h5 55. Rb6 g4 56. Rxb5 gxh3 57. gxh3 h4 58. Rb6 Kf7 59. a4 Ke7 60. a5 Kd7
61. b5 Kc7 62. Rh6 Kd7 63. a6 Kc7 64. b6+ Kd7 65. a7 Ke7 66. a8=Q Kf7 67. Qb7+
Kg8 68. Rc6 Kf8 69. Rc8# 1-0

[Event "XIV Torneio Int. da Figueira da Foz"]
[Site "Figueira da Foz POR"]
[Date "2020.10.27"]
[Round "5.1"]
[White "Batsiashvili, Nino"]
[Black "Janik, Igor"]
[Result "1-0"]
[WhiteElo "2467"]
[BlackElo "2489"]
[WhiteFideId "13602993"]
[BlackFideId "1159259"]
[WhiteTitle "GM"]
[BlackTitle "IM"]
[WhiteCountry "GEO"]
[BlackCountry "POL"]
[PlyCount "87"]

1. d4 Nf6 2. c4 e6 3. Nc3 Bb4 4. e3 O-O 5. Bd2 d5 6. Nf3 b6 7. cxd5 exd5 8. Bd3
Ba6 9. Bxa6 Nxa6 10. Qa4 Qc8 11. Qc6 Bxc3 12. Bxc3 Re8 13. O-O Re6 14. Qa4 Ne4
15. Rac1 Qb7 16. Rfd1 Rc8 17. Qb3 c6 18. a4 Nb8 19. a5 Nd7 20. Be1 g5 21. axb6
axb6 22. Nd2 Ndf6 23. Nf1 g4 24. Qd3 Kh8 25. Ra1 Qc7 26. Ra6 c5 27. Rda1 c4 28.
Qc2 Qd6 29. Qa4 Ree8 30. Qb4 Rc6 31. Qxd6 Nxd6 32. Ng3 Kg7 33. Bb4 Kg6 34. Ne2
Nb5 35. Bc5 Rb8 36. Be7 Nc7 37. Ra7 Ne4 38. f3 gxf3 39. gxf3 Nd2 40. Kf2 Kf5 41.
Rg1 h6 42. Rg7 Re8 43. Bh4 Rf8 44. Nf4 1-0

[Event "XIV Torneio Int. da Figueira da Foz"]
[Site "Figueira da Foz POR"]
[Date "2020.10.27"]
[Round "5.2"]
[White "Grigoryan, Karen H"]
[Black "Dias, Paulo"]
[Result "1-0"]
[WhiteElo "2658"]
[BlackElo "2338"]
[WhiteFideId "13301004"]
[BlackFideId "1900803"]
[WhiteTitle "GM"]
[BlackTitle "IM"]
[WhiteCountry "ARM"]
[BlackCountry "POR"]
[PlyCount "49"]

1. e4 e5 2. Nf3 Nc6 3. Bb5 Nf6 4. d3 d6 5. c3 g6 6. Nbd2 Bg7 7. Nf1 O-O 8. Ng3
a6 9. Ba4 b5 10. Bc2 Re8 11. O-O Bb7 12. Re1 Nb8 13. d4 Nbd7 14. h3 c5 15. d5 c4
16. Nh2 Nc5 17. Ng4 Nxg4 18. hxg4 Qh4 19. Nf1 Bc8 20. Nh2 Bd7 21. Be3 Rec8 22.
Qd2 Bxg4 23. f3 Bd7 24. Bg5 Qh5 25. Bd1 1-0

[Event "XIV Torneio Int. da Figueira da Foz"]
[Site "Figueira da Foz POR"]
[Date "2020.10.27"]
[Round "5.3"]
[White "Martín Duque, Jesus"]
[Black "Cumming, Rhys"]
[Result "0-1"]
[WhiteElo "2426"]
[BlackElo "2299"]
[WhiteFideId "2208954"]
[BlackFideId "470163"]
[WhiteTitle "IM"]
[BlackTitle "FM"]
[WhiteCountry "ESP"]
[BlackCountry "ENG"]
[PlyCount "98"]

1. e4 e5 2. Nf3 Nc6 3. Bc4 Nf6 4. d3 h6 5. O-O d6 6. c3 g5 7. Nbd2 Bg7 8. Re1 g4
9. Nh4 Nxe4 10. dxe4 Qxh4 11. Nf1 O-O 12. Ne3 Ne7 13. g3 Qh5 14. Be2 Qg6 15.
Bxg4 Bxg4 16. Qxg4 Qxg4 17. Nxg4 h5 18. Ne3 f5 19. exf5 Nxf5 20. Kg2 Kh7 21. Nd5
Rf7 22. Bg5 c6 23. Nb4 Rg8 24. Nd3 Bf8 25. f4 h4 26. Kh3 hxg3 27. hxg3 Bh6 28.
g4 Bxg5 29. fxg5 Rxg5 30. Rf1 Nh6 31. Rxf7+ Nxf7 32. Kh4 Rg8 33. Rf1 Kg6 34. c4
Ng5 35. Kg3 Ne4+ 36. Kg2 Nd2 37. Rc1 Kg5 38. Rc2 Ne4 39. Kf3 Nf6 40. Nf2 Rf8 41.
Kg3 Kg6 42. Re2 Re8 43. Nd3 Nd7 44. Kh4 e4 45. Nf4+ Kf6 46. Rd2 e3 47. Re2 Ne5
48. Nh5+ Kf7 49. b3 d5 0-1

[Event "XIV Torneio Int. da Figueira da Foz"]
[Site "Figueira da Foz POR"]
[Date "2020.10.27"]
[Round "5.4"]
[White "Antolak, Julia"]
[Black "Djuric, Stefan"]
[Result "1/2-1/2"]
[WhiteElo "2313"]
[BlackElo "2358"]
[WhiteFideId "1159569"]
[BlackFideId "900133"]
[WhiteTitle "WIM"]
[BlackTitle "GM"]
[WhiteCountry "POL"]
[BlackCountry "SRB"]
[PlyCount "90"]

1. e4 e5 2. Nf3 Nc6 3. Bb5 a6 4. Ba4 Nf6 5. O-O Be7 6. Re1 b5 7. Bb3 O-O 8. c3
d6 9. h3 h6 10. d4 Re8 11. Nbd2 Bf8 12. Nf1 Bd7 13. Ng3 Na5 14. Bc2 c5 15. b3
Nc6 16. d5 Ne7 17. Nh2 Ng6 18. Rf1 Qc8 19. Bd2 c4 20. b4 a5 21. a3 Ra6 22. Nh5
Nxh5 23. Qxh5 Qa8 24. Rac1 axb4 25. axb4 Ra2 26. g3 Qc8 27. Ng4 Be7 28. f4 Bxg4
29. hxg4 exf4 30. gxf4 Qd8 31. g5 hxg5 32. fxg5 Ne5 33. Kg2 g6 34. Qh4 Bf8 35.
Rf2 Bg7 36. Bb1 Rb2 37. Rcf1 Qd7 38. Kg3 Nd3 39. Bxd3 cxd3 40. Rh1 Qa7 41. Kg2
Rxd2 42. Rxd2 Qe3 43. Rhd1 Re5 44. Rxd3 Rxg5+ 45. Kh1 Rg1+ 1/2-1/2

[Event "XIV Torneio Int. da Figueira da Foz"]
[Site "Figueira da Foz POR"]
[Date "2020.10.27"]
[Round "5.5"]
[White "Santos, José Gulherme"]
[Black "Taboas Rodriguez, Daniel"]
[Result "0-1"]
[WhiteElo "2229"]
[BlackElo "2365"]
[WhiteFideId "1939300"]
[BlackFideId "2208466"]
[BlackTitle "FM"]
[WhiteCountry "POR"]
[BlackCountry "ESP"]
[PlyCount "83"]

1. e4 e6 2. d4 d5 3. Nc3 Nf6 4. Bg5 Be7 5. e5 Ne4 6. Bxe7 Qxe7 7. Nxe4 dxe4 8.
Qe2 b6 9. O-O-O Bb7 10. g3 c5 11. Bg2 Nc6 12. dxc5 Qg5+ 13. Kb1 Qxe5 14. cxb6 f5
15. f3 O-O 16. fxe4 Nd4 17. Qe3 Rfd8 18. c3 Nb5 19. Ne2 axb6 20. Rxd8+ Rxd8 21.
Re1 Nd6 22. Qxb6 Bxe4+ 23. Ka1 Ra8 24. Bxe4 Nxe4 25. Qd4 Qb5 26. Nf4 Qb3 27. a3
Nxc3 28. Qxc3 Rxa3+ 29. Kb1 Qa2+ 30. Kc2 Rxc3+ 31. Kxc3 Qa5+ 32. b4 Qa3+ 33. Kc4
Qa2+ 34. Kb5 Qxh2 35. Rxe6 Qxg3 36. Nd5 f4 37. Kc6 f3 38. Re3 Qg2 39. Re8+ Kf7
40. Re7+ Kf8 41. Re5 f2 42. Rf5+ 0-1

[Event "XIV Torneio Int. da Figueira da Foz"]
[Site "Figueira da Foz POR"]
[Date "2020.10.27"]
[Round "5.6"]
[White "Garcia Dorado, Alberto"]
[Black "Stella, Andrea"]
[Result "1/2-1/2"]
[WhiteElo "2181"]
[BlackElo "2457"]
[WhiteFideId "2252244"]
[BlackFideId "827061"]
[WhiteTitle "CM"]
[BlackTitle "GM"]
[WhiteCountry "ESP"]
[BlackCountry "ITA"]
[PlyCount "37"]

1. d4 d5 2. c4 e6 3. Nc3 c6 4. e3 Nf6 5. Nf3 Nbd7 6. Qc2 b6 7. b3 Bb7 8. Bd3
dxc4 9. bxc4 c5 10. Qe2 Be7 11. O-O O-O 12. Ne5 a6 13. Bb2 Qc7 14. f4 Rfd8 15.
d5 Nf8 16. e4 b5 17. cxb5 exd5 18. exd5 Nxd5 19. bxa6 1/2-1/2

[Event "XIV Torneio Int. da Figueira da Foz"]
[Site "Figueira da Foz POR"]
[Date "2020.10.27"]
[Round "5.7"]
[White "Alshameary Puente, Ismael"]
[Black "Pintor, Simão"]
[Result "1-0"]
[WhiteElo "2373"]
[BlackElo "2115"]
[WhiteFideId "2225166"]
[BlackFideId "1904787"]
[WhiteTitle "IM"]
[WhiteCountry "ESP"]
[BlackCountry "POR"]
[PlyCount "127"]

1. e4 c5 2. Nf3 g6 3. d4 cxd4 4. Nxd4 Nc6 5. c4 Bg7 6. Be3 Nf6 7. Nc3 O-O 8. Be2
d6 9. h3 Nxd4 10. Bxd4 Bd7 11. O-O Bc6 12. Qc2 a5 13. Rad1 Qc7 14. Nd5 Bxd5 15.
exd5 a4 16. Rfe1 Nd7 17. Bxg7 Kxg7 18. Qc3+ Kg8 19. Rd3 Qc5 20. Re3 Rfe8 21. h4
Ne5 22. f4 Nd7 23. Kh2 b5 24. h5 b4 25. Qd3 Rac8 26. Bg4 Nf6 27. Bxc8 Rxc8 28.
Kh3 Nxh5 29. g3 Qxc4 30. Qxc4 Rxc4 31. Rxe7 Rd4 32. R7e4 Rxd5 33. Rxb4 a3 34.
Re3 axb2 35. Rxb2 Rd1 36. Rb7 Rd2 37. Re8+ Kg7 38. Ree7 Kf6 39. Rxf7+ Ke6 40.
Rbe7+ Kd5 41. g4 Rd3+ 42. Kh4 Ng3 43. Rxh7 Ne4 44. f5 gxf5 45. gxf5 Rd2 46. Rhf7
Rxa2 47. Rf8 Rf2 48. Kg4 Kd4 49. Ra8 d5 50. Ra4+ Kd3 51. Ra3+ Nc3 52. Kg5 d4 53.
f6 Kc2 54. Rc7 Kb2 55. Ra8 Ne4+ 56. Kh4 Nxf6 57. Rb8+ Ka1 58. Rc1+ Ka2 59. Rc6
Rb2 60. Ra8+ Kb1 61. Rxf6 d3 62. Rf1+ Kc2 63. Rc8+ Kd2 64. Rf2+ 1-0

[Event "XIV Torneio Int. da Figueira da Foz"]
[Site "Figueira da Foz POR"]
[Date "2020.10.27"]
[Round "5.8"]
[White "Löffner, Stefan"]
[Black "Santos, António P"]
[Result "1/2-1/2"]
[WhiteElo "2352"]
[BlackElo "2123"]
[WhiteFideId "4603257"]
[BlackFideId "1900161"]
[WhiteTitle "IM"]
[BlackTitle "FM"]
[WhiteCountry "GER"]
[BlackCountry "POR"]
[PlyCount "138"]

1. Nf3 c5 2. c4 Nf6 3. Nc3 e6 4. g3 b6 5. Bg2 Bb7 6. O-O Be7 7. d4 cxd4 8. Qxd4
d6 9. Bg5 a6 10. Bxf6 Bxf6 11. Qd3 Ra7 12. Rad1 Be7 13. h4 h6 14. Ne4 Bxe4 15.
Qxe4 O-O 16. Nd4 Qc8 17. b3 Qc5 18. Bh3 Qe5 19. Qd3 Rc7 20. e3 Nc6 21. Qd2 Nxd4
22. exd4 Qa5 23. Qxa5 bxa5 24. Rd3 Rb8 25. Rc1 g5 26. hxg5 hxg5 27. d5 e5 28. c5
Rb4 29. a3 Rb8 30. c6 Kg7 31. Bd7 Rd8 32. Rc4 Rdxd7 33. cxd7 Rxd7 34. Rc6 f5 35.
Rxa6 e4 36. Rc3 Kf6 37. Rxa5 Ke5 38. f3 Kd4 39. Rc4+ Kd3 40. g4 fxg4 41. fxe4
Bf6 42. e5 Bxe5 43. Rxg4 Bf4 44. Kf2 Rh7 45. Rxf4 gxf4 46. Kf3 Kd4 47. Kxf4 Rf7+
48. Kg5 Ke5 49. Kg6 Rf3 50. Rb5 Rf1 51. a4 Rf2 52. a5 Rf1 53. b4 Ra1 54. Kf7 Rh1
55. a6 Rh7+ 56. Ke8 Ra7 57. Rb6 Kxd5 58. Kd8 Kc4 59. b5 d5 60. Rb7 Ra8+ 61. Kc7
d4 62. Kb6 d3 63. a7 Rd8 64. Rb8 Rd6+ 65. Kc7 d2 66. Kxd6 d1=Q+ 67. Kc7 Qe2 68.
a8=Q Qe7+ 69. Kb6 Qc5+ 1/2-1/2

[Event "XIV Torneio Int. da Figueira da Foz"]
[Site "Figueira da Foz POR"]
[Date "2020.10.27"]
[Round "5.9"]
[White "Fernandes, Miguel"]
[Black "Margarido, José"]
[Result "1-0"]
[WhiteElo "2139"]
[BlackElo "2138"]
[WhiteFideId "1920456"]
[BlackFideId "1914227"]
[WhiteCountry "POR"]
[BlackCountry "POR"]
[PlyCount "75"]

1. d4 Nf6 2. c4 e6 3. Nf3 d5 4. Nc3 Bb4 5. Qa4+ Nc6 6. a3 Bxc3+ 7. bxc3 Ne4 8.
e3 Nxc3 9. Qc2 Ne4 10. Bd3 f5 11. O-O O-O 12. Rb1 Rb8 13. a4 Bd7 14. Ba3 Rf6 15.
Rfc1 Be8 16. cxd5 exd5 17. g3 Rh6 18. Rb5 Bf7 19. Rcb1 b6 20. Rc1 Kh8 21. Rb2
Bh5 22. Ne1 Qg5 23. Bb5 Be8 24. Qd1 Re6 25. Nd3 Rd8 26. Nf4 Rf6 27. Bxc6 Bxc6
28. Be7 Rdd6 29. f3 Nxg3 30. hxg3 Qxg3+ 31. Rg2 Qh4 32. Bxd6 Rxd6 33. Qe1 Qe7
34. Ra1 a5 35. Nd3 Be8 36. Ne5 c5 37. Qg3 c4 38. Nf7+ 1-0

[Event "XIV Torneio Int. da Figueira da Foz"]
[Site "Figueira da Foz POR"]
[Date "2020.10.27"]
[Round "5.10"]
[White "Silva, Mariana"]
[Black "Tadevosyan, Aspet"]
[Result "0-1"]
[WhiteElo "1885"]
[BlackElo "2136"]
[WhiteFideId "1911899"]
[BlackFideId "24526134"]
[WhiteTitle "WCM"]
[WhiteCountry "POR"]
[BlackCountry "ESP"]
[PlyCount "108"]

1. Nf3 c5 2. g3 Nc6 3. b3 d5 4. Bb2 f6 5. d4 cxd4 6. Nxd4 e5 7. Nxc6 bxc6 8. Bg2
Be6 9. O-O Rc8 10. c4 d4 11. Re1 Bb4 12. Nd2 Qa5 13. Ne4 Bxe1 14. Nd6+ Kd7 15.
Nxc8 Bb4 16. a3 Bf8 17. b4 Qc7 18. Qa4 Qxc8 19. Qxa7+ Qc7 20. Qa6 Nh6 21. b5 Bc5
22. Bxc6+ Ke7 23. a4 Rd8 24. a5 Bc8 25. Qa8 Bg4 26. Qb7 Qxb7 27. Bxb7 Bxe2 28.
a6 d3 29. a7 d2 30. a8=Q Rxa8 31. Bxa8 d1=Q+ 32. Rxd1 Bxd1 33. Kf1 Bb3 34. Bd5
Kd6 35. Bc3 Nf5 36. Ba5 Ne7 37. Bf7 Nc8 38. Ke2 Nb6 39. Kd3 Bd1 40. f4 Bf3 41.
Bg8 e4+ 42. Kd2 e3+ 43. Ke1 Be4 44. Ke2 Bf5 45. Bc3 h6 46. Be1 Be6 47. Bxe6 Kxe6
48. Kd3 Kf5 49. h3 h5 50. Bc3 h4 51. Be1 Nd7 52. Ke2 Ke4 53. g4 Kxf4 54. Bxh4
Bb4 0-1

[Event "XIV Torneio Int. da Figueira da Foz"]
[Site "Figueira da Foz POR"]
[Date "2020.10.27"]
[Round "5.11"]
[White "Morais, Mario M F"]
[Black "Varela La Madrid, Tilsia"]
[Result "0-1"]
[WhiteElo "1808"]
[BlackElo "2060"]
[WhiteFideId "1959506"]
[BlackFideId "3903001"]
[BlackTitle "WIM"]
[WhiteCountry "POR"]
[BlackCountry "VEN"]
[PlyCount "64"]

1. d4 d5 2. Nf3 e6 3. Bf4 Nf6 4. e3 Nbd7 5. Nbd2 Be7 6. h3 c5 7. c4 cxd4 8. Nxd4
e5 9. cxd5 exf4 10. e4 O-O 11. Be2 Bb4 12. O-O Bxd2 13. Qxd2 Nxe4 14. Qxf4 Ndf6
15. Bc4 Qd6 16. Qe3 Bd7 17. Rad1 Rfe8 18. Qb3 Nc5 19. Qf3 Rac8 20. a3 Na4 21.
Ba2 Nxb2 22. Rb1 Nc4 23. Rfd1 b6 24. Nc6 Bxc6 25. dxc6 Qxc6 26. Qxc6 Rxc6 27.
Rbc1 b5 28. a4 a6 29. axb5 axb5 30. Rb1 Ra6 31. Bxc4 bxc4 32. Rb4 Rc6 0-1